Mastering Advanced Pure Mathematics

Bibliografske podrobnosti
Glavni avtor: Buckwell G. Geoff
Jezik:angleščina
Izdano: London, Macmillan, 1996
Serija:Macmillan Master Series
Teme:
Format: Knjiga
KOHA link:https://koha.lib.tpu.ru/cgi-bin/koha/opac-detail.pl?biblionumber=22089

MARC

LEADER 00000nam0a2200000 4500
001 22089
005 20231030194523.0
010 |a 0333620496 
035 |a (RuTPU)RU\TPU\book\22301 
035 |a BOOK00000063 
090 |a 22089 
100 |a 20011209d1996 k y0engy50 ba 
101 0 |a eng 
102 |a GB 
105 |a y j 000zy 
200 1 |a Mastering Advanced Pure Mathematics  |f G. Buckwell 
210 |a London  |c Macmillan  |d 1996 
215 |a 381 p. 
225 1 |a Macmillan Master Series 
610 1 |a математика 
610 1 |a английский язык 
610 1 |a учебные пособия 
675 |a 51(075.8)  |v 3 
700 1 |a Buckwell  |b G.  |g Geoff 
801 0 |a RU  |b 63413507  |c 20011209  |g PSBO 
801 2 |a RU  |b 63413507  |c 20080902  |g PSBO 
942 |c BK